000 00513nam a2200157 4500
001 2666
090 _a2666
100 _a20190723b u||y0fre||u0ba y50
101 _aeng
200 _aHera
_bPériodique
_fHera, Inc.
_eA Philadelphia Feminist Publication
210 _aEtats-Unis
_bHera, Inc. c/o Alexandria Books, Inc. 2041 Walnut Street, Philadelphia, Pa. 19103
_cHera, Inc.
606 _aFéminisme
_9429
607 _91006
_aEtats-Unis d'Amérique
710 _96649
_aHera, Inc.
801 _aCH
_bCH-002049-8
955 _r1975: vol.1 n°1